All Ariana Grande Songs Over 1 Billion Streams - Statistics

General Stats
  • This quiz has been taken 42 times
  • The average score is 11 of 20
Answer Stats
Hint Answer % Correct
2.54 7 rings
93%
2.04 thank u, next
79%
1.37 Dangerous woman
76%
1.16 God is a woman
72%
1.63 Into you
69%
1.78 One last time
69%
1.60 positions
69%
1.08 34+35
66%
1.44 No tears left to cry
66%
1.62 Side to side
66%
1.04 Break free
62%
1.52 Bang bang
55%
1.05 break up with your girlfriend, i'm bored
52%
1.87 Save your tears
52%
1.16 Rain on me
41%
1.28 Santa tell me
41%
1.11 Love me harder
38%
1.14 Die for you
34%
1.28 Stuck with U
31%
1.44 we can't be friends (wait for your love)
17%
No matching quizzes found
Score Distribution
Percent of People with Each Score
Percentile by Number Answered
Your Score History
You have not taken this quiz